<?xml version="1.0" encoding="UTF-8"?>
<record
    xmlns:xsi="http://www.w3.org/2001/XMLSchema-instance"
    xsi:schemaLocation="http://www.loc.gov/MARC21/slim http://www.loc.gov/standards/marcxml/schema/MARC21slim.xsd"
    xmlns="http://www.loc.gov/MARC21/slim">

  <leader>00945nam a2200265 n 4500</leader>
  <controlfield tag="001">C2-0274504</controlfield>
  <controlfield tag="003">PPAK</controlfield>
  <controlfield tag="005">20240505153227.0</controlfield>
  <controlfield tag="008">060926n        xx     f     |  0   may d</controlfield>
  <datafield tag="020" ind1=" " ind2=" ">
    <subfield code="q">paperback</subfield>
  </datafield>
  <datafield tag="040" ind1=" " ind2=" ">
    <subfield code="a">PPAK</subfield>
    <subfield code="b">eng</subfield>
    <subfield code="c">PPAK</subfield>
    <subfield code="e">rda</subfield>
  </datafield>
  <datafield tag="082" ind1="0" ind2="4">
    <subfield code="2">23</subfield>
    <subfield code="a">959.5112</subfield>
  </datafield>
  <datafield tag="090" ind1="0" ind2="0">
    <subfield code="a">959</subfield>
    <subfield code="b">NAI</subfield>
    <subfield code="d">KK</subfield>
  </datafield>
  <datafield tag="090" ind1="2" ind2="0">
    <subfield code="a">959.5112</subfield>
    <subfield code="b">NAI</subfield>
    <subfield code="d">KWS</subfield>
  </datafield>
  <datafield tag="100" ind1="0" ind2=" ">
    <subfield code="a">Nai Long Kasim Ibni Nai Long Ahmad, </subfield>
    <subfield code="e">author.</subfield>
  </datafield>
  <datafield tag="245" ind1="1" ind2="0">
    <subfield code="a">REALITI SEJARAH :</subfield>
    <subfield code="b">RAJA MAHA BESAR BENUA SIAM KEDAH PASAI MA /</subfield>
    <subfield code="c">Disediakan oleh NAI LONG KASIM NAI LONG AHMAD</subfield>
  </datafield>
  <datafield tag="264" ind1=" " ind2="1">
    <subfield code="a">[Alor Setar, Kedah?] : </subfield>
    <subfield code="b">[publisher not identified],</subfield>
    <subfield code="c">[date of publication not identified]</subfield>
  </datafield>
  <datafield tag="300" ind1=" " ind2=" ">
    <subfield code="a">8 pages ; </subfield>
    <subfield code="c">30 cm</subfield>
  </datafield>
  <datafield tag="336" ind1=" " ind2=" ">
    <subfield code="2">rdacontent</subfield>
    <subfield code="a">text</subfield>
  </datafield>
  <datafield tag="337" ind1=" " ind2=" ">
    <subfield code="2">rdamedia</subfield>
    <subfield code="a">unmediated</subfield>
  </datafield>
  <datafield tag="338" ind1=" " ind2=" ">
    <subfield code="2">rdacarrier</subfield>
    <subfield code="a">volume</subfield>
  </datafield>
  <datafield tag="500" ind1=" " ind2=" ">
    <subfield code="a">Sumber maklumat dari wasiat Nai Long Mahmud cucu Sultan Nai Long Luang Jaafar -- Cover</subfield>
  </datafield>
  <datafield tag="651" ind1=" " ind2="0">
    <subfield code="a">Kedah</subfield>
    <subfield code="v">History</subfield>
  </datafield>
  <datafield tag="942" ind1=" " ind2=" ">
    <subfield code="c">B</subfield>
    <subfield code="2">ddc</subfield>
  </datafield>
  <datafield tag="999" ind1=" " ind2=" ">
    <subfield code="c">82273</subfield>
    <subfield code="d">82273</subfield>
  </datafield>
  <datafield tag="952" ind1=" " ind2=" ">
    <subfield code="0">0</subfield>
    <subfield code="7">1</subfield>
    <subfield code="b">PPAK</subfield>
    <subfield code="c">KK</subfield>
    <subfield code="d">2006-09-26</subfield>
    <subfield code="o">KK 959 NAI</subfield>
    <subfield code="p">A00158517</subfield>
    <subfield code="r">2018-05-09 00:00:00</subfield>
    <subfield code="y">AR</subfield>
  </datafield>
  <datafield tag="952" ind1=" " ind2=" ">
    <subfield code="0">0</subfield>
    <subfield code="7">1</subfield>
    <subfield code="b">PPAK</subfield>
    <subfield code="c">KK</subfield>
    <subfield code="d">2011-03-23</subfield>
    <subfield code="o">KK 959 NAI</subfield>
    <subfield code="p">A00158518</subfield>
    <subfield code="r">2018-05-09 00:00:00</subfield>
    <subfield code="y">AR</subfield>
  </datafield>
  <datafield tag="952" ind1=" " ind2=" ">
    <subfield code="0">0</subfield>
    <subfield code="7">1</subfield>
    <subfield code="b">PPAK</subfield>
    <subfield code="c">KWS</subfield>
    <subfield code="d">2024-05-08</subfield>
    <subfield code="l">0</subfield>
    <subfield code="o">KWS 959 NAI</subfield>
    <subfield code="p">KWS001040</subfield>
    <subfield code="r">2024-05-08 12:39:16</subfield>
    <subfield code="y">B</subfield>
  </datafield>
</record>
